000 00678nam a2200289Ia 4500
005 20260324123623.0
008 008 260324s9999 xx 000 0 eng d
020 _a9781315557922
037 _aEBOOK
040 _aCRL
040 _beng
040 _cCRL
041 _2eng
041 _aeng
084 _qCRL
100 _aBrian D. Smith
_91151158
245 4 _aThe Future of Pharma
245 0 _bEvolutionary Threats and Opportunities
260 _bTaylor and Francis
260 _c2011
365 _a
365 _b230
856 _uhttp://www.taylorfrancis.com/books/9781315557922
942 _cEBOOK
999 _c1764688
_d1764688